01131nam a2200337 i 450000100060000000300090000600500170001500800390003201500170007104000410008804600090012908000100013808000130014810000250016124500610018626000550024730000640030233600270036633700540039333800280044738000160047538000230049138800140051450400400052865800280056865800110059665000360060765000110064371000410065485600980069525487KOSZ 00520191002141449.0070923s1968 pl a f 000 0 pol aPB 1968/5570 aWA NcWA NdKOSZ 005/KKdKOSZ 005/RW k1968 a546.3 a539.3/.61 aBuch, Alfred.eAutor10aWłasności mechaniczne czystych metali /cAlfred Buch. aWarszawa :bWydawnictwa Naukowo-Techniczne,c1968. a202, [2] strony, [2] karty, tablice :bilustracje ;c25 cm. aTekstbtxt2rdacontent aBez urządzenia pośredniczącegobn2rdamedia aWoluminbnc2rdacarrier aKsiążki aPublikacje fachowe a1901-2000 aBibliografia na stronach 201-[203]. aInżynieria i technika aChemia 4aWytrzymałość materiałów 4aMetale2 aWydawnictwa Naukowo-Techniczne4pbl. uhttp://koha.tu.koszalin.pl/cgi-bin/koha/opac-detail.pl?biblionumber=25487yKatalog online BPK